Statistiques concernant Top 10 de la Vuelta depuis 2010

Cliquez ici pour prendre le quiz!

Statistiques générales

  • Ce quiz a été pris 75 fois
    (33 depuis la dernière actualisation)
  • Le résultat moyen est 95 sur 140

Statistiques - réponses

classementcyclisteTeamNationalité% Correct
2Enric MasMovistar TeamEspagne
100%
5Enric MasMovistar TeamEspagne
100%
6Enric MasMovistar TeamEspagne
100%
2Enric MasQuick-Step FloorsEspagne
100%
2Enric MasMovistar TeamEspagne
100%
1Primoz RoglicJumbo-VismaSlovénie
100%
1Primoz RoglicJumbo-VismaSlovénie
100%
3Primoz RoglicJumbo-VismaSlovénie
100%
1Primoz RoglicJumbo-VismaSlovénie
100%
3Alejandro ValverdeMovistar TeamEspagne
96%
5Alejandro ValverdeMovistar TeamEspagne
96%
2Alejandro ValverdeMovistar TeamEspagne
96%
10Alejandro ValverdeMovistar TeamEspagne
96%
2Alejandro ValverdeMovistar TeamEspagne
96%
3Alejandro ValverdeMovistar TeamEspagne
96%
7Alejandro ValverdeMovistar TeamEspagne
96%
2Jonas VingegaardJumbo-VismaDanemark
96%
8Sepp KussJumbo-VismaÉtats-Unis
96%
1Sepp KussJumbo-VismaÉtats-Unis
96%
3Tadej PogacarUAE Team EmiratesSlovénie
96%
5Alberto ContadorTrek-SegafredoEspagne
92%
1Alberto ContadorTeam Saxo Bank-Tinkoff BankEspagne
92%
4Alberto ContadorTinkoffEspagne
92%
1Alberto ContadorTinkoff-SaxoEspagne
92%
7Carlos RodriguezIneos GrenadiersEspagne
92%
2Christopher FroomeTeam SkyGrande-Bretagne
92%
2Christopher FroomeTeam SkyGrande-Bretagne
92%
1Christopher FroomeTeam SkyGrande-Bretagne
92%
1Christopher FroomeTeam SkyGrande-Bretagne
92%
4Christopher FroomeTeam SkyGrande-Bretagne
92%
2Joaquim RodriguezKatusha-AlpecinEspagne
92%
4Joaquim RodriguezKatusha-AlpecinEspagne
92%
3Joaquim RodriguezKatusha-AlpecinEspagne
92%
4Joaquim RodriguezKatusha-AlpecinEspagne
92%
4Joaquim RodriguezKatusha-AlpecinEspagne
92%
4Nairo QuintanaMovistar TeamColombie
92%
8Nairo QuintanaMovistar TeamColombie
92%
1Nairo QuintanaMovistar TeamColombie
92%
4Nairo QuintanaMovistar TeamColombie
92%
6Thibaut PinotGroupama-FDJFrance
92%
7Thibaut PinotFDJ.frFrance
92%
6Tom DumoulinGiant-AlpecinPays-Bas
92%
4Adam YatesIneos GrenadiersGrande-Bretagne
88%
7Aleksandr VlasovBora-HansgroheRussie
88%
7Dan MartinGarmin-SharpIrlande
88%
4Dan MartinIsrael Star-Up NationIrlande
88%
8David GauduGroupama-FDJFrance
88%
9Guillaume MartinCofidisFrance
88%
5Mikel LandaBahrain VictoriousEspagne
88%
1Remco EvenepoelQuick-Step Alpha VinylBelgique
88%
6Simon YatesOrica-ScottGrande-Bretagne
88%
1Simon YatesMitchelton-ScottGrande-Bretagne
88%
2Vincenzo NibaliBahrain-MeridaItalie
88%
1Vincenzo NibaliLiquigas-DoimoItalie
88%
2Vincenzo NibaliAstana Pro TeamItalie
88%
6Vincenzo NibaliLiquigas-CannondaleItalie
88%
6Egan BernalIneos GrenadiersColombie
84%
1Fabio AruAstana Pro TeamItalie
84%
5Fabio AruAstana Pro TeamItalie
84%
9João AlmeidaUAE Team EmiratesPortugal
84%
5João AlmeidaUAE Team EmiratesPortugal
84%
3Juan AyusoUAE Team EmiratesEspagne
84%
4Juan AyusoUAE Team EmiratesEspagne
84%
5Miguel Angel LopezAstana Pro TeamColombie
80%
3Miguel Angel LopezAstana Pro TeamColombie
80%
8Miguel Angel LopezAstana Pro TeamColombie
80%
4Miguel Angel LopezAstana QazaqstanColombie
80%
2Richard CarapazIneos GrenadiersÉquateur
80%
5Frank SchleckTeam Saxo Bank-Tinkoff BankLuxembourg
76%
6Rafal MajkaBora-HansgrohePologne
76%
3Rafal MajkaTinkoff-SaxoPologne
76%
9Rigoberto UranEF Education-Easy PostColombie
76%
7Rigoberto UranEF Pro CyclingColombie
76%
8Ben O'ConnorAG2R Citroen TeamAustralie
72%
2Bradley WigginsTeam SkyGrande-Bretagne
72%
10Jai HindleyBora-HansgroheAustralie
72%
10Louis MeintjesMTN-QhubekaAfrique du Sud
72%
10Luis Leon SanchezCaisse d'EpargneEspagne
72%
6Samuel SanchezBMC Racing TeamEspagne
72%
8Samuel SanchezEuskaltel-EuskadiEspagne
72%
1Christopher HornerRadioShack-LeopardÉtats-Unis
68%
3Ilnur ZakarinKatusha-AlpecinRussie
68%
8Warren BarguilGiant-ShimanoFrance
68%
10Tejay Van GarderenBMC Racing TeamÉtats-Unis
64%
4Denis MenchovGeox-TMCRussie
60%
5Nicolas RocheTeam Saxo Bank-Tinkoff BankIrlande
60%
7Nicolas RocheAG2R La MondialeIrlande
60%
5Esteban ChavesOrica-ScottColombie
56%
3Esteban ChavesOrica-ScottColombie
56%
5Gino MäderBahrain VictoriousSuisse
56%
6Robert GesinkRabobankPays-Bas
56%
10Wilco KeldermanTeam SunwebPays-Bas
56%
4Wilco KeldermanTeam SunwebPays-Bas
56%
7Wilco KeldermanTeam SunwebPays-Bas
56%
8Cian UijtdebroeksBora-HansgroheBelgique
52%
6Wouter PoelsTeam SkyPays-Bas
52%
6Wouter PoelsBahrain McLarenPays-Bas
52%
3Bauke MollemaRabobankPays-Bas
48%
8Carlos SastreTeam CerveloEspagne
48%
9Damiano CarusoCannondaleItalie
48%
10Daniel NavarroCofidisEspagne
48%
10George BennettLotto.nl-JumboNouvelle-Zélande
48%
3Hugh CarthyEF Pro CyclingGrande-Bretagne
48%
7Jurgen Van Den BroeckOmega Pharma-LottoBelgique
44%
6Thymen ArensmanTeam DSMPays-Bas
44%
8Daniel MorenoMovistar TeamEspagne
40%
5Daniel MorenoKatusha-AlpecinEspagne
40%
8Daniel MorenoKatusha-AlpecinEspagne
40%
9Daniel MorenoKatusha-AlpecinEspagne
40%
10Daniel MorenoKatusha-AlpecinEspagne
40%
6Domenico PozzovivoAG2R La MondialeItalie
40%
9Felix GrossschartnerBora-HansgroheAutriche
40%
10Felix GrossschartnerBora-HansgroheAutriche
40%
3Jack HaigBahrain VictoriousAustralie
40%
9Leopold KonigNetapp-EnduraRépublique Tchèque
40%
9Marc SolerMovistar TeamEspagne
40%
10Santiago BuitragoBahrain VictoriousColombie
40%
7David De La CruzEtixx-Quick StepEspagne
36%
7David De La CruzUAE Team EmiratesEspagne
36%
7David De La CruzUAE Team EmiratesEspagne
36%
7Michael WoodsCannondale-DrapacCanada
36%
4Steven KruijswijkLotto.nl-JumboPays-Bas
36%
9Steven KruijswijkLotto.nl-JumboPays-Bas
36%
7Andrew TalanskyGarmin-SharpÉtats-Unis
32%
5Andrew TalanskyCannondale-DrapacÉtats-Unis
32%
10Jakob FuglsangTeam Leopard-TrekDanemark
32%
9Mikel NieveEuskaltel-EuskadiEspagne
32%
10Mikel NieveMitchelton-ScottEspagne
32%
8Mikel NieveTeam SkyEspagne
32%
9Ion IzagirreBahrain-MeridaEspagne
28%
8Laurens Ten DamRabobankPays-Bas
28%
9Igor AntonEuskaltel-EuskadiEspagne
24%
8Carl Fredrik HagenLotto-SoudalNorvège
20%
5Maxime MonfortTeam Leopard-TrekBelgique
20%
3Peter VelitsTeam ColumbiaSlovaquie
20%
9Thomas DanielsonGarmin-TransitionsÉtats-Unis
16%
10Benat IntxaustiMovistar TeamEspagne
8%
9Davide FormoloCannondale-DrapacItalie
8%
2Ezequiel Mosquera MiguezXacobeo-GaliciaEspagne
0%
6Xavier Tondo VolpiniTeam CerveloEspagne
0%

Distribution des résultats

Percentile par nombre de réponses

% des personnes avec chaque résultat

Votre développement - résultats

Vous n’avez pas pris ce quiz depuis la dernière actualisation